Lyrics - Beatles - Here, There and Everywhere - Statistics

General Stats
  • This quiz has been taken 892 times
  • The average score is 124 of 160
Answer Stats
Answer % Correct
her
100%
a
99%
the
99%
here
97%
I
97%
there
97%
everywhere
94%
be
93%
love
93%
To
92%
to
92%
and
90%
my
88%
need
87%
of
87%
life
83%
each
82%
she
82%
day
81%
year
80%
better
79%
is
79%
know
79%
never
77%
hand
76%
me
76%
that
76%
want
76%
making
74%
lead
72%
but
70%
can
70%
care
70%
she's
69%
beside
68%
if
67%
with
67%
dies
64%
hair
64%
nobody
64%
something
62%
knowing
61%
wave
61%
eyes
59%
share
59%
through
59%
changing
58%
it
58%
running
57%
there's
57%
watching
57%
deny
56%
hands
56%
doesn't
55%
one
54%
always
52%
he's
52%
how
51%
us
51%
good
50%
someone
50%
I'm
49%
speaking
49%
believing
48%
thinking
48%
both
46%
hoping
46%
will
46%
their
32%
No matching quizzes found
Score Distribution
Percent of People with Each Score
Percentile by Number Answered
Your Score History
You have not taken this quiz